Estadísticas para Convocatoria España 2010 - Mundial de Sudáfrica

Haz click aquí para intentar la prueba.

Estadísticas generales

  • Esta prueba ha sido intentada 255 veces
  • La puntuación promedio es 18 de 23

Estadísticas de respuestas

PosiciónJugadorDorsal% Correcto
MediocampistaAndrés Iniesta6
100%
PorteroIker Casillas1
100%
DefensaGerard Piqué3
98%
DefensaSergio Ramos15
98%
MediocampistaXavi Hernández8
98%
DefensaCarles Puyol5
97%
DelanteroDavid Villa7
95%
DelanteroFernando Torres9
93%
PorteroVíctor Valdés12
87%
MediocampistaXabi Alonso14
87%
PorteroPepe Reina23
86%
MediocampistaSergio Busquets16
84%
DefensaJoan Capdevila11
83%
DelanteroPedro Rodríguez18
83%
MediocampistaCesc Fàbregas10
79%
MediocampistaDavid Silva21
72%
DelanteroJesús Navas22
72%
DelanteroFernando Llorente19
65%
DefensaÁlvaro Arbeloa17
59%
DefensaRaúl Albiol2
59%
DelanteroJuan Mata13
53%
DefensaCarlos Marchena4
52%
MediocampistaJavi Martínez20
37%

Distribución de puntuación

Porcentaje por número respondido

Porcentaje de gente con cada puntuación

Historial de tus puntuaciones

No has intentado esta prueba.